[Event "SR 3. liga A2 2015/2016"]
[Site "?"]
[Date "2015.11.29"]
[Round "4.5"]
[White "Vagovsky, Jozef"]
[Black "Danada, Ondrej"]
[Result "0-1"]
[WhiteElo "1877"]
[BlackElo "1923"]
[PlyCount "100"]
[EventDate "2016.??.??"]

1. d4 Nf6 2. c4 e6 3. Nc3 Bb4 4. Bg5 c5 5. e3 h6 6. Bh4 Bxc3+ 7. bxc3 Qe7 8.
Nf3 d6 9. Be2 Nbd7 10. Nd2 g5 11. Bg3 e5 12. O-O b6 13. Qc2 Bb7 14. d5 O-O-O
15. Bd3 h5 16. h3 h4 17. Bh2 g4 18. Bf5 gxh3 19. Bxh3 Rdg8 20. f3 Kc7 21. a4 a5
22. Rab1 Ba6 23. Rf2 Qf8 24. Qd3 Qh6 25. Re1 Bc8 26. Nf1 Nf8 27. Bxc8 Kxc8 28.
Qf5+ Kc7 29. Qh3 Qg6 30. e4 Rh5 31. Ne3 N8h7 32. g4 hxg3 33. Qxg3 Qxg3+ 34.
Bxg3 Rxg3+ 35. Rg2 Rxg2+ 36. Kxg2 Ng5 37. Nf1 Nh3 38. Rb1 Nf4+ 39. Kf2 Rh1 40.
Rd1 N6h5 41. Ne3 Rh2+ 42. Ke1 Ng3 43. Rd2 Nge2 44. Rc2 Nd3+ 45. Kd1 Ndf4 46.
Ke1 Rh1+ 47. Kd2 Ra1 48. Nf5 Rxa4 49. Nh6 Rxc4 50. Nxf7 b5 0-1

[Event "SR 3. liga A2 2015/2016"]
[Site "?"]
[Date "2015.11.29"]
[Round "4.5"]
[White "Sadlon, Juraj"]
[Black "Markuliak, Mario"]
[Result "1/2-1/2"]
[WhiteElo "1830"]
[BlackElo "1845"]
[PlyCount "71"]
[EventDate "2016.??.??"]

1. e4 e5 2. Nf3 Nc6 3. Bb5 Nf6 4. O-O Nxe4 5. Re1 Nd6 6. Bxc6 dxc6 7. Nxe5 Be7
8. Qe2 Be6 9. Nc3 Nf5 10. Nf3 O-O 11. d3 Re8 12. Bf4 Bd6 13. Qd2 b5 14. Ng5 Nd4
15. Nxe6 Rxe6 16. Rxe6 Nxe6 17. Bxd6 cxd6 18. Re1 Qf6 19. Nd1 a5 20. c3 Re8 21.
Qe3 c5 22. Qg3 Nc7 23. Rxe8+ Nxe8 24. Qe3 Nc7 25. Qe4 Qe6 26. Kf1 Qxe4 27. dxe4
Kf8 28. Ke2 Ke7 29. Kd3 Ke6 30. Ne3 g6 31. f4 d5 32. b3 dxe4+ 33. Kxe4 f5+ 34.
Kd3 Ne8 35. c4 b4 36. Nd5 1/2-1/2

[Event "SR 3. liga A2 2015/2016"]
[Site "?"]
[Date "2015.11.29"]
[Round "4.5"]
[White "Hornak, Pavol"]
[Black "Ulehla, Jakub"]
[Result "1-0"]
[WhiteElo "1781"]
[BlackElo "1665"]
[PlyCount "85"]
[EventDate "2016.??.??"]

1. d4 d5 2. c4 e6 3. Nf3 Nf6 4. g3 c6 5. Bg2 Nbd7 6. b3 Be7 7. O-O O-O 8. Bb2
b6 9. Ne5 Bb7 10. Nd2 Nxe5 11. dxe5 Nd7 12. Qc2 f6 13. exf6 Bxf6 14. Rad1 Bxb2
15. Qxb2 Qf6 16. Qxf6 Nxf6 17. e4 dxe4 18. Nxe4 Nxe4 19. Bxe4 Rad8 20. Rfe1
Rfe8 21. f4 g6 22. Bf3 Kf7 23. g4 Kf6 24. Kf2 a6 25. g5+ Kf7 26. h4 Ba8 27. h5
Bb7 28. hxg6+ hxg6 29. Bg4 Bc8 30. Bf3 Bb7 31. Ke2 Kg7 32. Rh1 b5 33. Bg4 e5
34. f5 gxf5 35. Rxd8 Rxd8 36. Bxf5 Rh8 37. Rxh8 Kxh8 38. c5 b4 39. Ke3 a5 40.
Ke4 Ba6 41. Kxe5 Bb5 42. Kf6 a4 43. g6 1-0

[Event "SR 3. liga A2 2015/2016"]
[Site "?"]
[Date "2015.11.29"]
[Round "4.5"]
[White "Sadlon, Matus"]
[Black "Vlkovic, Pavol"]
[Result "0-1"]
[WhiteElo "1664"]
[BlackElo "1810"]
[PlyCount "124"]
[EventDate "2016.??.??"]

1. e4 Nf6 2. e5 Nd5 3. d4 d6 4. Nf3 dxe5 5. dxe5 Bg4 6. Bb5+ c6 7. Bc4 e6 8.
O-O Be7 9. c3 O-O 10. Nbd2 Nd7 11. Re1 Qc7 12. h3 Bh5 13. Qe2 Nf4 14. Qe4 g5
15. b4 Bg6 16. Qe3 Nb6 17. Nd4 Rfd8 18. Bb3 Nbd5 19. Bxd5 Nxd5 20. Qg3 Nxb4 21.
N2f3 Nd3 22. Rd1 h6 23. h4 gxh4 24. Nxh4 Bxh4 25. Qxh4 Qxe5 26. Bxh6 Nb2 27.
Re1 Qh8 28. Qg5 Rd5 29. Qd2 Nc4 30. Qe2 Qxh6 31. Qxc4 Rh5 32. Kf1 Qd2 33. Kg1
Bd3 34. Qb3 Qh6 35. f3 Rh1+ 36. Kf2 Qh4+ 37. Ke3 Rxe1+ 38. Rxe1 Qxe1+ 39. Kxd3
Qf1+ 40. Ke3 c5 41. Ne2 b6 42. g3 Qh3 43. Qa4 Qf5 44. Qd7 Qd5 45. Qa4 a6 46.
Qg4+ Kf8 47. Qh4 Qe5+ 48. Kf2 Qg7 49. Qe4 Rb8 50. Qc6 Qe5 51. f4 Qd5 52. Qa4
Qb7 53. Qc2 f5 54. Qd3 Qc6 55. Ng1 Ke7 56. Nf3 Qd5 57. Qc2 Rd8 58. Qa4 b5 59.
Qa3 Kf6 60. Qb2 c4 61. Qc2 Qd1 62. Qb2 Rd3 0-1

[Event "SR 3. liga A2 2015/2016"]
[Site "?"]
[Date "2015.11.29"]
[Round "4.6"]
[White "Blatnicky, Miroslav"]
[Black "Abel, Peter"]
[Result "1-0"]
[WhiteElo "2089"]
[BlackElo "2197"]
[PlyCount "155"]
[EventDate "2016.??.??"]

1. d4 Nf6 2. c4 c5 3. d5 e5 4. Nc3 d6 5. e4 Be7 6. Be2 Nbd7 7. f4 exf4 8. Bxf4
O-O 9. Nf3 a6 10. O-O Nh5 11. Bd2 g6 12. Qc2 Bf6 13. Rae1 Qe7 14. Nd1 Ne5 15.
Nxe5 Bxe5 16. Bxh5 Qh4 17. g3 Qxh5 18. Bc3 Bd7 19. Bxe5 Qxe5 20. Qc3 Qxc3 21.
Nxc3 f6 22. e5 Bh3 23. Rxf6 dxe5 24. Rxf8+ Rxf8 25. Ne4 b6 26. Nf2 Bf5 27. Rxe5
Bb1 28. a3 Ba2 29. Re4 b5 30. cxb5 axb5 31. Re5 Rd8 32. Ne4 Kg7 33. d6 Bb1 34.
Nc3 Rxd6 35. Rxc5 b4 36. axb4 Bf5 37. Rd5 Rf6 38. h4 h6 39. b5 Bg4 40. Rd3 Bh3
41. Re3 Rd6 42. Kf2 Bg4 43. Ne4 Rd4 44. Nc5 Rd2+ 45. Kf1 Rd1+ 46. Re1 Bh3+ 47.
Kf2 Rd2+ 48. Re2 Rd5 49. Rc2 Bf5 50. Rc3 Rd2+ 51. Ke3 Rxb2 52. Rb3 Rg2 53. Kf3
Rc2 54. b6 Rxc5 55. b7 Be6 56. b8=Q Rf5+ 57. Ke3 Bxb3 58. Qxb3 h5 59. Qc4 Rf7
60. g4 hxg4 61. Qxg4 Rf5 62. Qd4+ Kf7 63. Qd7+ Kf6 64. Qh7 Rh5 65. Qg8 Rf5 66.
Ke4 Rh5 67. Qf8+ Ke6 68. Qg7 Rxh4+ 69. Kf3 Kf5 70. Kg3 Rh5 $11 71. Qf7+ Ke5 72.
Qxg6 Rf5 73. Qc6 Kd4 74. Kg4 Rd5 75. Kf4 Re5 76. Qd6+ Rd5 77. Qb4+ Kd3 78. Qe4+
1-0

[Event "SR 3. liga A2 2015/2016"]
[Site "?"]
[Date "2015.11.29"]
[Round "4.6"]
[White "Nemsak, Denis"]
[Black "Kucharek, Jaroslav"]
[Result "1/2-1/2"]
[WhiteElo "2091"]
[BlackElo "2088"]
[PlyCount "51"]
[EventDate "2016.??.??"]

1. c4 e5 2. Nc3 Nc6 3. g3 g6 4. Bg2 Bg7 5. d3 Nge7 6. h4 h6 7. Nf3 d6 8. Bd2
Be6 9. Rb1 a5 10. a3 Qd7 11. b4 axb4 12. axb4 f5 13. b5 Nd8 14. Qc1 c6 15. O-O
Nf7 16. Ra1 O-O 17. Ra3 e4 18. dxe4 Bxc4 19. exf5 Nxf5 20. bxc6 bxc6 21. Re1
Rxa3 22. Qxa3 Rb8 23. e4 Nd4 24. Nxd4 Bxd4 25. Ne2 Qa7 26. Qxa7 1/2-1/2

[Event "SR 3. liga A2 2015/2016"]
[Site "?"]
[Date "2015.11.29"]
[Round "4.6"]
[White "Hirmajer, Jan"]
[Black "Mihalik, Marek"]
[Result "0-1"]
[WhiteElo "1932"]
[BlackElo "2029"]
[PlyCount "98"]
[EventDate "2016.??.??"]

1. c4 e5 2. Nc3 Nc6 3. g3 g6 4. Bg2 Bg7 5. e3 d6 6. Nge2 Nf6 7. O-O O-O 8. d3
Re8 9. Rb1 Bd7 10. b4 Qc8 11. b5 Nd8 12. Re1 c6 13. a4 Ne6 14. Ba3 Qc7 15. bxc6
bxc6 16. Ne4 Nxe4 17. Bxe4 Rab8 18. Qc2 Ng5 19. Rxb8 Rxb8 20. Rb1 Nxe4 21. dxe4
Be6 22. Rd1 Bf8 23. Qd3 Bg4 24. Kg2 c5 25. Rd2 Qa5 26. Qc2 Bd7 27. Nc3 Rb6 28.
Nb5 Bxb5 29. cxb5 a6 30. bxa6 Rxa6 31. Bb2 Qxa4 32. Qd3 Rb6 33. Kf3 Kg7 34. h4
Qa8 35. Kg4 Rb4 36. f4 Rxe4 37. Kh3 Rb4 38. fxe5 dxe5 39. Bxe5+ Kg8 40. Qf1
Qc8+ 41. Kh2 Qe6 42. Bf4 Be7 43. Bh6 Qe5 44. Bf4 Qe4 45. Qe1 Bf6 46. Kh3 Rb1
47. Rd1 Rb2 48. Qg1 c4 49. Bh6 Qf5+ 0-1

[Event "SR 3. liga A2 2015/2016"]
[Site "?"]
[Date "2015.11.29"]
[Round "4.6"]
[White "Stepanovic, Branislav"]
[Black "Miciak, Emanuel"]
[Result "1/2-1/2"]
[WhiteElo "2003"]
[BlackElo "1854"]
[PlyCount "50"]
[EventDate "2016.??.??"]

1. e4 c5 2. Nf3 d6 3. d4 cxd4 4. Nxd4 Nf6 5. Nc3 a6 6. Bg5 e6 7. f4 Be7 8. Qf3
Qb6 9. O-O-O Nc6 10. Nb3 Qc7 11. g4 Rb8 12. a4 b6 13. Bh4 Bb7 14. g5 Nd7 15.
Nd4 Nxd4 16. Rxd4 Rc8 17. Rc4 Qd8 18. Rxc8 Qxc8 19. Bf2 Qc6 20. Bd3 Nc5 21.
Bxc5 Qxc5 22. Qe2 Qa5 23. Rf1 O-O 24. Rf3 e5 25. Nd5 Bxd5 1/2-1/2

[Event "SR 3. liga A2 2015/2016"]
[Site "?"]
[Date "2015.11.29"]
[Round "4.6"]
[White "Podjavorinsky, Michal"]
[Black "Manak, Jozef"]
[Result "0-1"]
[WhiteElo "1846"]
[BlackElo "1960"]
[PlyCount "114"]
[EventDate "2016.??.??"]

1. e4 c5 2. Nc3 Nc6 3. g3 d6 4. Bg2 g6 5. d3 Bg7 6. Be3 Nf6 7. h3 O-O 8. Qd2
Re8 9. Bh6 Bh8 10. Nge2 Bd7 11. O-O Rb8 12. f4 Bg7 13. f5 e6 14. g4 exf5 15.
exf5 Ne5 16. Bxg7 Kxg7 17. Ng3 Bc6 18. Qg5 Bxg2 19. Kxg2 h6 20. Qf4 g5 21. Qf2
Qb6 22. Nce4 Ned7 23. Rae1 d5 24. Nxf6 Nxf6 25. c3 Qc6 26. Qf3 b5 27. Rxe8 Rxe8
28. Rf2 Qd7 29. Re2 Rxe2+ 30. Qxe2 Qd6 31. d4 cxd4 32. cxd4 Qf4 33. Qe5 Qxe5
34. dxe5 Nd7 35. e6 fxe6 36. fxe6 Nc5 37. Nf5+ Kf6 38. e7 Kf7 39. b4 Nd3 40.
Nd6+ Kxe7 41. Nxb5 Nxb4 42. Nxa7 Nxa2 43. Nc6+ Kd6 44. Nd4 Ke5 45. Nf5 h5 46.
Kf3 Nc3 47. Ne3 h4 48. Nf1 Kd4 49. Kf2 Kd3 50. Nh2 d4 51. Nf3 Ne4+ 52. Ke1 Ke3
53. Ne5 d3 54. Nc4+ Kd4 55. Nb2 Kc3 56. Nd1+ Kc2 57. Ne3+ Kc1 0-1

[Event "SR 3. liga A2 2015/2016"]
[Site "?"]
[Date "2015.11.29"]
[Round "4.6"]
[White "Mihalik, Anton"]
[Black "Bjel, Jan"]
[Result "1-0"]
[WhiteElo "1945"]
[BlackElo "1835"]
[PlyCount "97"]
[EventDate "2016.??.??"]

1. c4 e5 2. Nc3 Nf6 3. Nf3 Nc6 4. g3 Be7 5. Bg2 O-O 6. O-O d5 7. cxd5 Nxd5 8.
d3 Be6 9. Bd2 Qd7 10. a3 f6 11. Qc2 Nb6 12. Rac1 Bg4 13. Be3 Nd4 14. Bxd4 exd4
15. Ne4 Rac8 16. Nc5 Bxc5 17. Qxc5 Bxf3 18. Bxf3 c6 19. a4 Ra8 20. a5 Nc8 21.
a6 Ne7 22. axb7 Qxb7 23. Qxd4 Kh8 24. Rc2 Rfc8 25. Rfc1 Rc7 26. Qd6 Rac8 27. b4
a6 28. Qc5 Qb5 29. Qxb5 axb5 30. d4 Rd8 31. e3 Rd6 32. Rc5 h6 33. Rxb5 Ra7 34.
Rb6 Ra4 35. b5 Rb4 36. Bxc6 Nxc6 37. Rbxc6 Rd5 38. R6c5 Rd7 39. Kg2 Ra7 40.
R1c2 Rb7 41. Kf3 R4xb5 42. Rxb5 Rxb5 43. Ke4 f5+ 44. Kd3 Kg8 45. h4 Kf7 46. Rc5
Rb3+ 47. Kc2 Rb6 48. Rxf5+ Rf6 49. Rxf6+ 1-0

[Event "SR 3. liga A2 2015/2016"]
[Site "?"]
[Date "2015.11.29"]
[Round "4.6"]
[White "Bjel, Lubos"]
[Black "Curidlo, Jan"]
[Result "0-1"]
[WhiteElo "1784"]
[BlackElo "1889"]
[PlyCount "74"]
[EventDate "2016.??.??"]

1. e4 c5 2. Nc3 e6 3. f4 Nc6 4. Nf3 a6 5. b3 d6 6. Bb2 Nf6 7. Qe2 Qc7 8. O-O-O
b5 9. e5 dxe5 10. Nxe5 Nxe5 11. fxe5 Nd5 12. Nxd5 exd5 13. g3 Be6 14. h4 Qd7
15. Qh2 Be7 16. Bh3 a5 17. Bxe6 Qxe6 18. Qh3 a4 19. g4 axb3 20. Qxb3 O-O 21. a3
c4 22. Qf3 d4 23. Bxd4 Bxa3+ 24. Kb1 Qa6 25. Rdf1 Bb4 26. Rf2 Bc5 27. Bb2 Bxf2
28. Qxf2 Qe6 29. g5 b4 30. h5 Rfc8 31. Qd4 Rd8 32. Qe4 Rab8 33. h6 g6 34. Bd4
c3 35. dxc3 bxc3+ 36. Kc1 Rb4 37. Rd1 Qa2 0-1

[Event "SR 3. liga A2 2015/2016"]
[Site "?"]
[Date "2015.11.29"]
[Round "4.6"]
[White "Slaby, Jozef"]
[Black "Lajda, Dusan"]
[Result "1/2-1/2"]
[WhiteElo "1808"]
[BlackElo "1814"]
[PlyCount "60"]
[EventDate "2016.??.??"]

1. Nf3 d5 2. c4 e6 3. e3 Nf6 4. Nc3 c6 5. Be2 Nbd7 6. O-O Bd6 7. a3 a5 8. d4 b6
9. Bd2 Bb7 10. Rc1 O-O 11. Bd3 c5 12. Nb5 Bb8 13. cxd5 Bxd5 14. Re1 Be4 15. Bc3
Bxd3 16. Qxd3 Nd5 17. Red1 Qe7 18. Bd2 Rd8 19. Qb1 e5 20. e4 Nf4 21. Bxf4 exf4
22. d5 Ne5 23. Nxe5 Bxe5 24. f3 Rab8 25. a4 Rb7 26. b3 Rbd7 27. Rd3 f6 28. Rcd1
Bd6 29. Qc2 Qe5 30. Na3 Rb8 1/2-1/2

[Event "SR 3. liga A2 2015/2016"]
[Site "?"]
[Date "2015.12.20"]
[Round "5.1"]
[White "Abel, Peter"]
[Black "Bisco, Igor"]
[Result "1/2-1/2"]
[WhiteElo "2197"]
[BlackElo "2081"]
[PlyCount "26"]
[EventDate "2016.??.??"]

1. c4 Nf6 2. Nc3 g6 3. g3 Bg7 4. Bg2 O-O 5. Nf3 c5 6. d4 Nc6 7. O-O d6 8. h3
cxd4 9. Nxd4 Nxd4 10. Qxd4 Qa5 11. Qd2 Be6 12. b3 Qh5 13. Qg5 Bxh3 1/2-1/2

[Event "SR 3. liga A2 2015/2016"]
[Site "?"]
[Date "2015.12.20"]
[Round "5.1"]
[White "Malar, Pavol"]
[Black "Nemsak, Denis"]
[Result "1-0"]
[WhiteElo "2068"]
[BlackElo "2107"]
[PlyCount "41"]
[EventDate "2016.??.??"]

1. e4 d5 2. exd5 Nf6 3. Nf3 Nxd5 4. d4 g6 5. Be2 Bg7 6. O-O O-O 7. c4 Nb6 8.
Nc3 Nc6 9. d5 Ne5 10. c5 Nbd7 11. Nxe5 Nxe5 12. Bg5 h6 13. Be3 e6 14. f4 exd5
15. fxe5 Bxe5 16. Qxd5 Qe7 17. Qf3 Bxc3 18. bxc3 Re8 19. Bd4 Bg4 20. Qxg4 Qxe2
21. Qf4 1-0

[Event "SR 3. liga A2 2015/2016"]
[Site "?"]
[Date "2015.12.20"]
[Round "5.1"]
[White "Stepanovic, Branislav"]
[Black "Skocik, Jozef"]
[Result "1-0"]
[WhiteElo "2007"]
[BlackElo "1904"]
[PlyCount "101"]
[EventDate "2016.??.??"]

1. e4 c5 2. Nf3 d6 3. d4 cxd4 4. Nxd4 Nf6 5. Nc3 a6 6. Bg5 e6 7. g3 Be7 8. Bg2
O-O 9. O-O h6 10. Be3 Qc7 11. f4 Nc6 12. Kh1 Rd8 13. Qe2 Bd7 14. a4 Rac8 15.
Nb3 Na5 16. Nxa5 Qxa5 17. Ra3 d5 18. Rb3 Bc5 19. Rxb7 Bc6 20. b4 Bxb4 21. Bb6
Bxb7 22. Bxa5 Bxa5 23. Rb1 Rd7 24. Rxb7 Rxb7 25. Qxa6 Rbc7 26. Nb5 Rxc2 27.
Qxa5 Rc1+ 28. Bf1 Rxf1+ 29. Kg2 Rfc1 30. exd5 Nxd5 31. Nd6 R1c2+ 32. Kh3 R2c5
33. Qa7 R5c7 34. Nxc8 Rxa7 35. Nxa7 Nb4 36. Kg4 Kf8 37. Nb5 Ke7 38. Kf3 Kd7 39.
Ke4 Kc6 40. Kd4 Nd5 41. Kc4 Ne3+ 42. Kd3 Nf1 43. Nd4+ Kd5 44. Nf3 g5 45. fxg5
hxg5 46. Ke2 Nxh2 47. Nxh2 f5 48. Nf3 g4 49. Nh4 f4 50. gxf4 e5 51. f5 1-0

[Event "SR 3. liga A2 2015/2016"]
[Site "?"]
[Date "2015.12.20"]
[Round "5.1"]
[White "Racik, Marek"]
[Black "Manak, Jozef"]
[Result "0-1"]
[WhiteElo "1844"]
[BlackElo "1960"]
[PlyCount "62"]
[EventDate "2016.??.??"]

1. d4 Nf6 2. Nc3 d5 3. Bg5 e6 4. e4 dxe4 5. Nxe4 Be7 6. Nxf6+ Bxf6 7. Bxf6 Qxf6
8. Nf3 O-O 9. Bd3 Nd7 10. Qd2 e5 11. O-O-O exd4 12. Ng5 g6 13. h4 Ne5 14. Ne4
Nxd3+ 15. cxd3 Qg7 16. f3 f5 17. Nf2 Be6 18. b3 a5 19. h5 g5 20. h6 Qg6 21. g4
Bd5 22. Rh5 f4 23. Nh3 Rf5 24. Rg1 Kh8 25. Qf2 c5 26. Qg2 Re5 27. Nxf4 Qc6 28.
Nxd5 Qxd5 29. Qd2 Re3 30. f4 Qf3 31. Rd1 Re2 0-1

[Event "SR 3. liga A2 2015/2016"]
[Site "?"]
[Date "2015.12.20"]
[Round "5.1"]
[White "Mihalik, Anton"]
[Black "Gajarsky, Roman"]
[Result "1/2-1/2"]
[WhiteElo "1937"]
[BlackElo "1737"]
[PlyCount "49"]
[EventDate "2016.??.??"]

1. c4 g6 2. Nc3 Bg7 3. g3 Nf6 4. Bg2 c5 5. e3 Nc6 6. Nge2 e6 7. d4 cxd4 8. Nxd4
d5 9. cxd5 Nxd5 10. Nxd5 exd5 11. O-O Nxd4 12. exd4 O-O 13. Be3 Be6 14. Qb3 Qd7
15. Rfc1 Rac8 16. Qb4 Rxc1+ 17. Rxc1 Rc8 18. Rc3 Rxc3 19. bxc3 b6 20. Bf1 h5
21. h4 Bf8 22. Qb3 Qc7 23. Bf4 Bd6 24. Bxd6 Qxd6 25. c4 1/2-1/2

[Event "SR 3. liga A2 2015/2016"]
[Site "?"]
[Date "2015.12.20"]
[Round "5.1"]
[White "Filip, Frantisek"]
[Black "Manak, Adrian"]
[Result "0-1"]
[WhiteElo "1752"]
[BlackElo "1928"]
[PlyCount "88"]
[EventDate "2016.??.??"]

1. c4 c6 2. Nc3 d5 3. cxd5 cxd5 4. e3 e5 5. d4 e4 6. a3 Nf6 7. Nge2 Nbd7 8. Nf4
Nb6 9. Qb3 Bd6 10. Bb5+ Bd7 11. Bxd7+ Qxd7 12. O-O O-O 13. Qb5 Bxf4 14. Qxd7
Bxh2+ 15. Kxh2 Nfxd7 16. a4 Nf6 17. a5 Nc4 18. b3 Nd6 19. Bd2 Rfc8 20. Rfc1 Rc6
21. Na4 Rac8 22. Rc5 b6 23. Rxc6 Rxc6 24. axb6 axb6 25. Rc1 Rxc1 26. Bxc1 Nc8
27. Nc3 Kf8 28. Kg3 Ke7 29. f3 Ke6 30. Ba3 Nd6 31. Na4 Nd7 32. Nc3 f5 33. Kf4
h6 34. Bxd6 g5+ 35. Kg3 Kxd6 36. f4 Nf6 37. fxg5 hxg5 38. Kf2 f4 39. b4 Ng4+
40. Ke2 Nxe3 41. g3 Nc2 42. Kf2 Nxd4 43. gxf4 gxf4 44. b5 Kc5 0-1

[Event "SR 3. liga A2 2015/2016"]
[Site "?"]
[Date "2015.12.20"]
[Round "5.1"]
[White "Curidlo, Jan"]
[Black "Tupy, Bystrik"]
[Result "0-1"]
[WhiteElo "1876"]
[BlackElo "1751"]
[PlyCount "58"]
[EventDate "2016.??.??"]

1. e4 e5 2. Nf3 Nc6 3. Bb5 a6 4. Ba4 b5 5. Bb3 Nf6 6. d3 d5 7. exd5 Nxd5 8. h3
Bc5 9. c3 O-O 10. O-O Kh8 11. a4 Bb7 12. Re1 f6 13. Na3 b4 14. Nb1 a5 15. d4
exd4 16. cxd4 Bb6 17. Qd3 Nde7 18. Bc2 g6 19. Bh6 Re8 20. Be3 Nf5 21. d5 Ne5
22. Nxe5 Rxe5 23. g4 Nxe3 24. fxe3 Rxd5 25. Qc4 Qd6 26. Be4 Qg3+ 27. Kf1 Ba6
28. Qxa6 Rxa6 29. Bxd5 Bxe3 0-1

[Event "SR 3. liga A2 2015/2016"]
[Site "?"]
[Date "2015.12.20"]
[Round "5.1"]
[White "Janas, Peter"]
[Black "Slaby, Jozef"]
[Result "1-0"]
[WhiteElo "1658"]
[BlackElo "1813"]
[PlyCount "143"]
[EventDate "2016.??.??"]

1. e4 d6 2. d4 Nf6 3. Nc3 g6 4. f4 Bg7 5. Nf3 c6 6. Be2 b5 7. e5 dxe5 8. fxe5
Nd5 9. Ne4 O-O 10. O-O Qb6 11. Kh1 Bf5 12. Ng3 Bd7 13. Bg5 Na6 14. Qd2 Nac7 15.
Bh6 Ne6 16. Bxg7 Kxg7 17. c3 Rad8 18. b4 a5 19. a3 axb4 20. axb4 Ra8 21. Bd3
Ra6 22. Rxa6 Qxa6 23. Ne4 h6 24. Ng1 f5 25. exf6+ Nxf6 26. Nf3 Nd5 27. Re1 Nef4
28. Nc5 Qc8 29. Ne5 Nxd3 30. Qxd3 Bf5 31. Qd2 Rf6 32. h3 Qf8 33. Ned7 Bxd7 34.
Nxd7 Rf1+ 35. Rxf1 Qxf1+ 36. Kh2 Nf4 37. Ne5 Ne2 38. Qe3 Nf4 39. Qf3 Qxf3 40.
gxf3 Ne2 41. Nxc6 Nxc3 42. Nxe7 Kf7 43. Nc8 Ke6 44. Kg2 g5 45. Kf2 Kd5 46. Ke3
Kc4 47. Nb6+ Kxb4 48. Kd3 Nd1 49. Ke2 Ka5 50. Nc8 Nc3+ 51. Kd3 b4 52. Kc4 Nb5
53. d5 b3 54. Kxb3 Nd4+ 55. Kc4 Nxf3 56. d6 Ne5+ 57. Kd5 Nd7 58. Ke6 Nc5+ 59.
Ke7 Kb5 60. d7 Nxd7 61. Kxd7 h5 62. Nd6+ Kc5 63. Ne4+ Kd5 64. Nxg5 Ke5 65. Nf3+
Kf4 66. Ng1 Kg3 67. Ke6 Kg2 68. Kf5 Kxg1 69. h4 Kh2 70. Kg5 Kg3 71. Kxh5 Kf4
72. Kg6 1-0

[Event "SR 3. liga A2 2015/2016"]
[Site "?"]
[Date "2015.12.20"]
[Round "5.2"]
[White "Pericka, Tomas"]
[Black "Kucharek, Jaroslav"]
[Result "1/2-1/2"]
[WhiteElo "1994"]
[BlackElo "2088"]
[PlyCount "63"]
[EventDate "2016.??.??"]

1. e4 e5 2. f4 Bc5 3. Nf3 d6 4. Bc4 Nf6 5. Nc3 Nc6 6. d3 Bg4 7. h3 Bxf3 8. Qxf3
Nd4 9. Qd1 Nd7 10. g3 c6 11. Rf1 Qe7 12. Ne2 Rf8 13. Nxd4 Bxd4 14. c3 Bb6 15.
Qe2 O-O-O 16. Bd2 h6 17. O-O-O Nf6 18. Bb3 Rd7 19. g4 exf4 20. Bxf4 Ne8 21. Qf3
Nc7 22. d4 Ne6 23. Rde1 Nxf4 24. Qxf4 Bc7 25. Qf3 Qg5+ 26. Kb1 Re7 27. Qf5+ Kd8
28. Qf2 f6 29. e5 Rfe8 30. exf6 Rxe1+ 31. Rxe1 Rxe1+ 32. Qxe1 1/2-1/2

[Event "SR 3. liga A2 2015/2016"]
[Site "?"]
[Date "2015.12.20"]
[Round "5.2"]
[White "Hirmajer, Jan"]
[Black "Diviak, Rastislav"]
[Result "1/2-1/2"]
[WhiteElo "1935"]
[BlackElo "1942"]
[PlyCount "78"]
[EventDate "2016.??.??"]

1. c4 e5 2. Nc3 Nf6 3. g3 d5 4. cxd5 Nxd5 5. Bg2 Nb6 6. Nf3 Nc6 7. O-O Be7 8.
d3 O-O 9. Be3 Be6 10. Ne4 Nd5 11. Bc5 f6 12. Rc1 Kh8 13. Bxe7 Qxe7 14. Nc5 b6
15. Nxe6 Qxe6 16. Nd2 Rad8 17. Qa4 Nd4 18. Rfe1 Qg4 19. Qd1 c5 20. Rc4 Qd7 21.
Nf3 Nc6 22. a3 Qd6 23. Nd2 b5 24. Ne4 Qe7 25. Rxc5 Nd4 26. b4 a5 27. e3 Ne6 28.
Rc6 axb4 29. axb4 Nxb4 30. Rb6 Nxd3 31. Rf1 Nxf2 32. Qb3 Nxe4 33. Rxe6 Nc5 34.
Rxe7 Nxb3 35. Bc6 Nd2 36. Rf2 b4 37. Rb7 b3 38. Ba4 Nc4 39. Rxb3 Rb8 1/2-1/2

[Event "SR 3. liga A2 2015/2016"]
[Site "?"]
[Date "2015.12.20"]
[Round "5.2"]
[White "Ocko, Martin"]
[Black "Miciak, Emanuel"]
[Result "1-0"]
[WhiteElo "1994"]
[BlackElo "1853"]
[PlyCount "41"]
[EventDate "2016.??.??"]

1. e4 c5 2. Nf3 d6 3. d4 cxd4 4. Nxd4 Nf6 5. Nc3 a6 6. Bg5 e6 7. f4 Be7 8. Qf3
Qc7 9. O-O-O O-O 10. g4 b5 11. a3 Bb7 12. h4 Nc6 13. Nb3 b4 14. axb4 Nxb4 15.
h5 Bxe4 16. Qh3 Bxc2 17. h6 Bxb3 18. hxg7 Na2+ 19. Kd2 Ne4+ 20. Nxe4 Qc2+ 21.
Ke3 1-0

[Event "SR 3. liga A2 2015/2016"]
[Site "?"]
[Date "2015.12.20"]
[Round "5.2"]
[White "Podjavorinsky, Michal"]
[Black "Danada, Ondrej"]
[Result "1-0"]
[WhiteElo "1861"]
[BlackElo "1936"]
[PlyCount "81"]
[EventDate "2016.??.??"]

1. e4 c5 2. Nc3 Nc6 3. g3 g6 4. Bg2 Bg7 5. d3 e6 6. Be3 Nge7 7. Qd2 Nd4 8. Nd1
d6 9. c3 Ndc6 10. Ne2 b5 11. Bh6 O-O 12. Bxg7 Kxg7 13. O-O b4 14. Ne3 e5 15. f4
f6 16. f5 g5 17. h4 h6 18. Ng4 h5 19. Nxf6 Kxf6 20. Qxg5+ Kf7 21. Qxh5+ Kg7 22.
f6+ Rxf6 23. Rxf6 Kxf6 24. Rf1+ Bf5 25. Bh3 Qg8 26. Bxf5 Nxf5 27. Qxf5+ Ke7 28.
Qf6+ Kd7 29. c4 Nd4 30. Qf7+ Qxf7 31. Rxf7+ Ke6 32. Rf2 Rb8 33. Nxd4+ exd4 34.
Kh2 Rb6 35. h5 Ra6 36. b3 Rb6 37. g4 a5 38. h6 a4 39. h7 Rb8 40. g5 axb3 41.
axb3 1-0

[Event "SR 3. liga A2 2015/2016"]
[Site "?"]
[Date "2015.12.20"]
[Round "5.2"]
[White "Krupa, Miroslav"]
[Black "Bjel, Jan"]
[Result "1-0"]
[WhiteElo "1835"]
[BlackElo "1843"]
[PlyCount "59"]
[EventDate "2016.??.??"]

1. e4 c5 2. Nf3 Nc6 3. d4 cxd4 4. Nxd4 e6 5. Be3 Nf6 6. Nc3 Bb4 7. f3 Bxc3+ 8.
bxc3 O-O 9. Be2 e5 10. Nf5 d5 11. Bc5 Re8 12. Nd6 Re6 13. exd5 Rxd6 14. Bxd6
Qxd6 15. dxc6 Qxc6 16. Qd8+ Ne8 17. O-O b6 18. Qd2 Be6 19. Rfd1 Rc8 20. a4 Nf6
21. Ba6 Rf8 22. Qe3 Qc7 23. Re1 Nd7 24. Bb5 f6 25. f4 Bf5 26. Bxd7 exf4 27.
Be6+ Kh8 28. Qd2 Qc5+ 29. Qd4 Qxd4+ 30. cxd4 1-0

[Event "SR 3. liga A2 2015/2016"]
[Site "?"]
[Date "2015.12.20"]
[Round "5.2"]
[White "Smrek, Peter"]
[Black "Diviak, Rudolf"]
[Result "1-0"]
[WhiteElo "1808"]
[BlackElo "1812"]
[PlyCount "179"]
[EventDate "2016.??.??"]

1. c4 Nf6 2. Nc3 d6 3. g3 g6 4. Bg2 Bg7 5. d3 O-O 6. e4 c6 7. h3 Na6 8. Be3 e5
9. Nge2 Nc7 10. Qb3 Ne6 11. f4 Nd7 12. f5 Nec5 13. Qc2 Nf6 14. g4 Rb8 15. b4
Na6 16. a3 b6 17. Qd2 Bb7 18. g5 Nd7 19. f6 Bh8 20. Ng3 Nc7 21. h4 Ne6 22. Nce2
Nc7 23. Nc3 Ne6 24. Nd1 Nd4 25. Bxd4 exd4 26. Nf2 Ne5 27. Qf4 Re8 28. O-O Bc8
29. Rfd1 Be6 30. Bf1 c5 31. b5 Qd7 32. Be2 a6 33. bxa6 Ra8 34. Kg2 Rxa6 35. Rh1
Rea8 36. Rh2 Kf8 37. Rah1 Ke8 38. h5 Kd8 39. hxg6 Nxg6 40. Qc1 Nf8 41. Qb2 Kc7
42. Rb1 Qa4 43. Ra1 Qd7 44. Rhh1 Qc8 45. Nh3 Ng6 46. Nh5 Qg8 47. Qd2 Rxa3 48.
Rxa3 Rxa3 49. N3f4 Nxf4+ 50. Qxf4 Ra2 51. Kf3 h6 52. Rg1 Qg6 53. Qh4 hxg5 54.
Qxg5 Ra8 55. Qxg6 fxg6 56. Rxg6 Bf7 57. Rg7 Bxg7 58. Nxg7 Rh8 59. Kf4 Rh2 60.
Bg4 Kd8 61. Nf5 Kc7 62. Kg5 Rh8 63. Nh6 Rh7 64. Bf5 Rxh6 65. Kxh6 Kd8 66. Kg7
Ke8 67. Bd7+ Kxd7 68. Kxf7 b5 69. Kg7 bxc4 70. f7 cxd3 71. f8=Q Kc6 72. Qe8+
Kb6 73. Qb8+ Ka5 74. Qb3 d2 75. Qa2+ Kb4 76. Qxd2+ Kc4 77. Kf6 d3 78. Qe3 Kc3
79. e5 dxe5 80. Qxc5+ Kd2 81. Kxe5 Kd1 82. Qg1+ Kc2 83. Ke4 d2 84. Qf2 Kc1 85.
Qe3 Kc2 86. Qd3+ Kc1 87. Qc3+ Kd1 88. Ke3 Ke1 89. Qxd2+ Kf1 90. Qf2# 1-0

[Event "SR 3. liga A2 2015/2016"]
[Site "?"]
[Date "2015.12.20"]
[Round "5.2"]
[White "Ulehla, Jakub"]
[Black "Lajda, Dusan"]
[Result "0-1"]
[WhiteElo "1666"]
[BlackElo "1824"]
[PlyCount "86"]
[EventDate "2016.??.??"]

1. e4 c5 2. Nf3 Nc6 3. d4 cxd4 4. Nxd4 d6 5. Nc3 Nf6 6. Be2 Bd7 7. O-O g6 8.
Kh1 Bg7 9. Nb3 O-O 10. f4 a6 11. Bf3 Qc7 12. Be3 Rac8 13. g4 e6 14. h4 Ne8 15.
h5 Ne7 16. Bd2 b5 17. hxg6 fxg6 18. Qe1 b4 19. Ne2 Bxb2 20. Rb1 Bc3 21. Bxc3
bxc3 22. Qh4 Rf7 23. f5 e5 24. Ng1 Nc6 25. Nh3 Qd8 26. Ng5 Rg7 27. Rg1 Qe7 28.
Be2 Nd8 29. Bxa6 Rc7 30. Qh6 Nf7 31. Nxf7 Qxf7 32. Rbf1 Bc6 33. Bd3 g5 34. Qh3
Nf6 35. Rc1 Kf8 36. Kh2 h5 37. gxh5 Nxh5 38. Qf3 Nf4 39. Kg3 g4 40. Qd1 Nh5+
41. Kf2 g3+ 42. Kf3 Qxf5+ 43. Kg2 Qf2+ 0-1